Nuclear chemistry

Gardado en:
Detalles Bibliográficos
Autor Principal: SHARON, Maheshwar Sharon, Madhuri
Formato: Libro
Idioma:inglés
Publicado: Ane Books 2019
Tags: Engadir etiqueta
Sen Etiquetas, Sexa o primeiro en etiquetar este rexistro!

MARC

LEADER 00000nam a22000007a 4500
008 230104b |||||||| |||| 00| 0 eng d
020 |a 97893867615562 
100 |a SHARON, Maheshwar  |a Sharon, Madhuri 
245 |a Nuclear chemistry  |c Sharon, Maheshwar, Madhuri Sharon  |g xxi, 278p; ill 
250 |b 2nd  
260 |b Ane Books  |c 2019  |h New Delhi  |i 699353  |i 699354  |l QD601.2.Sh1  |m Nuclear chemistry 
500 |a it includes references and index 
942 |a lcc  |c BK  |e Johnson  |f 04/01/23 
952 |0 0  |1 0  |2 lcc  |4 0  |6 QD06012 S H1  |7 0  |9 4073  |a SL  |b HOL  |c QZ  |d 2023-01-04  |l 0  |o QD601.2.Sh1  |p 2023-0007  |r 2023-01-04 00:00:00  |t 699353  |w 2023-01-04  |y BK 
952 |0 0  |1 0  |2 lcc  |4 0  |6 QD06012 S H1  |7 0  |9 4074  |a HOL  |b HOL  |c QZ  |d 2023-01-04  |l 0  |o QD601.2.Sh1  |p 2023-0008  |r 2023-01-04 00:00:00  |t 699354  |w 2023-01-04  |y BK 
999 |c 2045  |d 2045